<?xml version="1.0" encoding="UTF-8"?>
<collection xmlns="http://www.loc.gov/MARC21/slim">
 <record>
  <leader>     na                 </leader>
  <controlfield tag="001">INLIS000000000009575</controlfield>
  <controlfield tag="005">20230717111502</controlfield>
  <datafield tag="035" ind1=" " ind2=" ">
   <subfield code="a">0010-111300000000095</subfield>
  </datafield>
  <controlfield tag="006">a           ||| |</controlfield>
  <controlfield tag="008">230717                           |      </controlfield>
  <datafield tag="020" ind1=" " ind2=" ">
   <subfield code="a">978-979-22-5014-5</subfield>
  </datafield>
  <datafield tag="090" ind1=" " ind2=" ">
   <subfield code="a">813 AJI n</subfield>
  </datafield>
  <datafield tag="100" ind1="0" ind2=" ">
   <subfield code="a">SENO GUMIRA AJIDARMA</subfield>
  </datafield>
  <datafield tag="245" ind1="1" ind2=" ">
   <subfield code="a">NAGABUMI 1 JURUS TANPA BENTUK</subfield>
  </datafield>
  <datafield tag="250" ind1=" " ind2=" ">
   <subfield code="a">cet, 1</subfield>
  </datafield>
  <datafield tag="260" ind1=" " ind2=" ">
   <subfield code="a">Jakarta :</subfield>
   <subfield code="b">Gramedia,</subfield>
   <subfield code="c">2009</subfield>
  </datafield>
  <datafield tag="082" ind1=" " ind2=" ">
   <subfield code="a">813</subfield>
  </datafield>
  <datafield tag="084" ind1=" " ind2=" ">
   <subfield code="a">813 AJI n</subfield>
  </datafield>
  <datafield tag="990" ind1=" " ind2=" ">
   <subfield code="a">10921/PN/2013</subfield>
  </datafield>
  <datafield tag="990" ind1=" " ind2=" ">
   <subfield code="a">10922/PN/2013</subfield>
  </datafield>
 </record>
</collection>
